<?xml version="1.0" encoding="UTF-8"?>
<record
    xmlns:xsi="http://www.w3.org/2001/XMLSchema-instance"
    xsi:schemaLocation="http://www.loc.gov/MARC21/slim http://www.loc.gov/standards/marcxml/schema/MARC21slim.xsd"
    xmlns="http://www.loc.gov/MARC21/slim">

  <leader>00853nam a22002057a 4500</leader>
  <controlfield tag="003">OSt</controlfield>
  <controlfield tag="005">20240227115617.0</controlfield>
  <controlfield tag="008">240226s2015    ag ||||| |||| 00| 0 spa d</controlfield>
  <datafield tag="020" ind1=" " ind2=" ">
    <subfield code="a">9789879493557</subfield>
  </datafield>
  <datafield tag="040" ind1=" " ind2=" ">
    <subfield code="c">besoc</subfield>
  </datafield>
  <datafield tag="100" ind1="1" ind2=" ">
    <subfield code="a">Eggers-Brass, Teresa</subfield>
    <subfield code="e">autor</subfield>
  </datafield>
  <datafield tag="245" ind1="1" ind2="0">
    <subfield code="a">Historia II :</subfield>
    <subfield code="b">Am&#xE9;rica ind&#xED;gena y la expansi&#xF3;n europea /</subfield>
    <subfield code="c">Teresa Eggers-Brass y Marisa Gallego</subfield>
  </datafield>
  <datafield tag="250" ind1=" " ind2=" ">
    <subfield code="a">2a ed., 3ra reimp.</subfield>
  </datafield>
  <datafield tag="260" ind1=" " ind2=" ">
    <subfield code="a">Buenos Aires :</subfield>
    <subfield code="b">Maipue</subfield>
    <subfield code="c">2015</subfield>
  </datafield>
  <datafield tag="300" ind1=" " ind2=" ">
    <subfield code="a">252 p.</subfield>
  </datafield>
  <datafield tag="505" ind1="0" ind2=" ">
    <subfield code="a">Cap. 1. Las sociedades ind&#xED;genas en Am&#xE9;rica -- Cap. 2. El fortalecimiento de las monarqu&#xED;as y la expansi&#xF3;n europea -- Cap. 3. La irrupci&#xF3;n europea en Am&#xE9;rica y la resistencia ind&#xED;gena -- Cap. 4. Imperios y colonias -- Cap. 5. El fortalecimiento de la burgues&#xED;a.- </subfield>
  </datafield>
  <datafield tag="650" ind1=" " ind2="4">
    <subfield code="a">Historia</subfield>
    <subfield code="z">Am&#xE9;rica</subfield>
    <subfield code="z">Europa</subfield>
  </datafield>
  <datafield tag="700" ind1="1" ind2=" ">
    <subfield code="a">Gallego, Marisa</subfield>
  </datafield>
  <datafield tag="942" ind1=" " ind2=" ">
    <subfield code="2">udc</subfield>
    <subfield code="c">LPD</subfield>
    <subfield code="n">0</subfield>
  </datafield>
  <datafield tag="999" ind1=" " ind2=" ">
    <subfield code="c">203</subfield>
    <subfield code="d">203</subfield>
  </datafield>
  <datafield tag="952" ind1=" " ind2=" ">
    <subfield code="0">0</subfield>
    <subfield code="1">0</subfield>
    <subfield code="2">udc</subfield>
    <subfield code="4">0</subfield>
    <subfield code="7">0</subfield>
    <subfield code="8">CG</subfield>
    <subfield code="a">ESOCIALES</subfield>
    <subfield code="b">ESOCIALES</subfield>
    <subfield code="d">2024-02-27</subfield>
    <subfield code="l">0</subfield>
    <subfield code="o">94(4+8) EG29</subfield>
    <subfield code="p">000988</subfield>
    <subfield code="r">2024-02-27 00:00:00</subfield>
    <subfield code="t">1</subfield>
    <subfield code="w">2024-02-27</subfield>
    <subfield code="y">LPD</subfield>
  </datafield>
  <datafield tag="952" ind1=" " ind2=" ">
    <subfield code="0">0</subfield>
    <subfield code="1">0</subfield>
    <subfield code="2">udc</subfield>
    <subfield code="4">0</subfield>
    <subfield code="7">0</subfield>
    <subfield code="8">CG</subfield>
    <subfield code="a">ESOCIALES</subfield>
    <subfield code="b">ESOCIALES</subfield>
    <subfield code="d">2024-02-27</subfield>
    <subfield code="l">0</subfield>
    <subfield code="o">94(4+8) EG29</subfield>
    <subfield code="p">000989</subfield>
    <subfield code="r">2024-02-27 00:00:00</subfield>
    <subfield code="t">2</subfield>
    <subfield code="w">2024-02-27</subfield>
    <subfield code="y">LPD</subfield>
  </datafield>
  <datafield tag="952" ind1=" " ind2=" ">
    <subfield code="0">0</subfield>
    <subfield code="1">0</subfield>
    <subfield code="2">udc</subfield>
    <subfield code="4">0</subfield>
    <subfield code="7">0</subfield>
    <subfield code="8">CG</subfield>
    <subfield code="a">ESOCIALES</subfield>
    <subfield code="b">ESOCIALES</subfield>
    <subfield code="d">2024-02-27</subfield>
    <subfield code="l">0</subfield>
    <subfield code="o">94(4+8) EG29</subfield>
    <subfield code="p">000990</subfield>
    <subfield code="r">2024-02-27 00:00:00</subfield>
    <subfield code="t">3</subfield>
    <subfield code="w">2024-02-27</subfield>
    <subfield code="y">LPD</subfield>
  </datafield>
  <datafield tag="952" ind1=" " ind2=" ">
    <subfield code="0">0</subfield>
    <subfield code="1">0</subfield>
    <subfield code="2">udc</subfield>
    <subfield code="4">0</subfield>
    <subfield code="7">0</subfield>
    <subfield code="8">CG</subfield>
    <subfield code="a">ESOCIALES</subfield>
    <subfield code="b">ESOCIALES</subfield>
    <subfield code="d">2024-02-27</subfield>
    <subfield code="l">0</subfield>
    <subfield code="o">94(4+8) EG29</subfield>
    <subfield code="p">000991</subfield>
    <subfield code="r">2024-02-27 00:00:00</subfield>
    <subfield code="t">4</subfield>
    <subfield code="w">2024-02-27</subfield>
    <subfield code="y">LPD</subfield>
  </datafield>
  <datafield tag="952" ind1=" " ind2=" ">
    <subfield code="0">0</subfield>
    <subfield code="1">0</subfield>
    <subfield code="2">udc</subfield>
    <subfield code="4">0</subfield>
    <subfield code="7">0</subfield>
    <subfield code="8">CG</subfield>
    <subfield code="a">ESOCIALES</subfield>
    <subfield code="b">ESOCIALES</subfield>
    <subfield code="d">2024-02-27</subfield>
    <subfield code="l">0</subfield>
    <subfield code="o">94(4+8) EG29</subfield>
    <subfield code="p">000992</subfield>
    <subfield code="r">2024-02-27 00:00:00</subfield>
    <subfield code="t">5</subfield>
    <subfield code="w">2024-02-27</subfield>
    <subfield code="y">LPD</subfield>
  </datafield>
  <datafield tag="952" ind1=" " ind2=" ">
    <subfield code="0">0</subfield>
    <subfield code="1">0</subfield>
    <subfield code="2">udc</subfield>
    <subfield code="4">0</subfield>
    <subfield code="7">0</subfield>
    <subfield code="8">CG</subfield>
    <subfield code="a">ESOCIALES</subfield>
    <subfield code="b">ESOCIALES</subfield>
    <subfield code="d">2024-02-27</subfield>
    <subfield code="l">0</subfield>
    <subfield code="o">94(4+8) EG29</subfield>
    <subfield code="p">000993</subfield>
    <subfield code="r">2024-02-27 00:00:00</subfield>
    <subfield code="t">6</subfield>
    <subfield code="w">2024-02-27</subfield>
    <subfield code="y">LPD</subfield>
  </datafield>
  <datafield tag="952" ind1=" " ind2=" ">
    <subfield code="0">0</subfield>
    <subfield code="1">0</subfield>
    <subfield code="2">udc</subfield>
    <subfield code="4">0</subfield>
    <subfield code="7">0</subfield>
    <subfield code="8">CG</subfield>
    <subfield code="a">ESOCIALES</subfield>
    <subfield code="b">ESOCIALES</subfield>
    <subfield code="d">2024-02-27</subfield>
    <subfield code="l">0</subfield>
    <subfield code="o">94(4+8) EG29</subfield>
    <subfield code="p">000994</subfield>
    <subfield code="r">2024-02-27 00:00:00</subfield>
    <subfield code="t">7</subfield>
    <subfield code="w">2024-02-27</subfield>
    <subfield code="y">LPD</subfield>
  </datafield>
  <datafield tag="952" ind1=" " ind2=" ">
    <subfield code="0">0</subfield>
    <subfield code="1">0</subfield>
    <subfield code="2">udc</subfield>
    <subfield code="4">0</subfield>
    <subfield code="7">0</subfield>
    <subfield code="8">CG</subfield>
    <subfield code="a">ESOCIALES</subfield>
    <subfield code="b">ESOCIALES</subfield>
    <subfield code="d">2024-02-27</subfield>
    <subfield code="l">0</subfield>
    <subfield code="o">94(4+8) EG29</subfield>
    <subfield code="p">000995</subfield>
    <subfield code="r">2024-02-27 00:00:00</subfield>
    <subfield code="t">8</subfield>
    <subfield code="w">2024-02-27</subfield>
    <subfield code="y">LPD</subfield>
  </datafield>
  <datafield tag="952" ind1=" " ind2=" ">
    <subfield code="0">0</subfield>
    <subfield code="1">0</subfield>
    <subfield code="2">udc</subfield>
    <subfield code="4">0</subfield>
    <subfield code="7">0</subfield>
    <subfield code="8">CG</subfield>
    <subfield code="a">ESOCIALES</subfield>
    <subfield code="b">ESOCIALES</subfield>
    <subfield code="d">2024-02-27</subfield>
    <subfield code="l">0</subfield>
    <subfield code="o">94(4+8) EG29</subfield>
    <subfield code="p">000996</subfield>
    <subfield code="r">2024-02-27 00:00:00</subfield>
    <subfield code="t">9</subfield>
    <subfield code="w">2024-02-27</subfield>
    <subfield code="y">LPD</subfield>
  </datafield>
  <datafield tag="952" ind1=" " ind2=" ">
    <subfield code="0">0</subfield>
    <subfield code="1">0</subfield>
    <subfield code="2">udc</subfield>
    <subfield code="4">0</subfield>
    <subfield code="7">0</subfield>
    <subfield code="8">CG</subfield>
    <subfield code="a">ESOCIALES</subfield>
    <subfield code="b">ESOCIALES</subfield>
    <subfield code="d">2024-02-27</subfield>
    <subfield code="l">0</subfield>
    <subfield code="o">94(4+8) EG29</subfield>
    <subfield code="p">000997</subfield>
    <subfield code="r">2024-02-27 00:00:00</subfield>
    <subfield code="t">10</subfield>
    <subfield code="w">2024-02-27</subfield>
    <subfield code="y">LPD</subfield>
  </datafield>
  <datafield tag="952" ind1=" " ind2=" ">
    <subfield code="0">0</subfield>
    <subfield code="1">0</subfield>
    <subfield code="2">udc</subfield>
    <subfield code="4">0</subfield>
    <subfield code="7">0</subfield>
    <subfield code="8">CG</subfield>
    <subfield code="a">ESOCIALES</subfield>
    <subfield code="b">ESOCIALES</subfield>
    <subfield code="d">2024-02-27</subfield>
    <subfield code="l">0</subfield>
    <subfield code="o">94(4+8) EG29</subfield>
    <subfield code="p">000998</subfield>
    <subfield code="r">2024-02-27 00:00:00</subfield>
    <subfield code="t">11</subfield>
    <subfield code="w">2024-02-27</subfield>
    <subfield code="y">LPD</subfield>
  </datafield>
  <datafield tag="952" ind1=" " ind2=" ">
    <subfield code="0">0</subfield>
    <subfield code="1">0</subfield>
    <subfield code="2">udc</subfield>
    <subfield code="4">0</subfield>
    <subfield code="7">0</subfield>
    <subfield code="8">CG</subfield>
    <subfield code="a">ESOCIALES</subfield>
    <subfield code="b">ESOCIALES</subfield>
    <subfield code="d">2024-02-27</subfield>
    <subfield code="l">0</subfield>
    <subfield code="o">94(4+8) EG29</subfield>
    <subfield code="p">000999</subfield>
    <subfield code="r">2024-02-27 00:00:00</subfield>
    <subfield code="t">12</subfield>
    <subfield code="w">2024-02-27</subfield>
    <subfield code="y">LPD</subfield>
  </datafield>
  <datafield tag="952" ind1=" " ind2=" ">
    <subfield code="0">0</subfield>
    <subfield code="1">0</subfield>
    <subfield code="2">udc</subfield>
    <subfield code="4">0</subfield>
    <subfield code="7">0</subfield>
    <subfield code="8">CG</subfield>
    <subfield code="a">ESOCIALES</subfield>
    <subfield code="b">ESOCIALES</subfield>
    <subfield code="d">2024-02-27</subfield>
    <subfield code="l">0</subfield>
    <subfield code="o">94(4+8) EG29</subfield>
    <subfield code="p">001000</subfield>
    <subfield code="r">2024-02-27 00:00:00</subfield>
    <subfield code="t">13</subfield>
    <subfield code="w">2024-02-27</subfield>
    <subfield code="y">LPD</subfield>
  </datafield>
  <datafield tag="952" ind1=" " ind2=" ">
    <subfield code="0">0</subfield>
    <subfield code="1">0</subfield>
    <subfield code="2">udc</subfield>
    <subfield code="4">0</subfield>
    <subfield code="7">0</subfield>
    <subfield code="8">CG</subfield>
    <subfield code="a">ESOCIALES</subfield>
    <subfield code="b">ESOCIALES</subfield>
    <subfield code="d">2024-02-27</subfield>
    <subfield code="l">0</subfield>
    <subfield code="o">94(4+8) EG29</subfield>
    <subfield code="p">001001</subfield>
    <subfield code="r">2024-02-27 00:00:00</subfield>
    <subfield code="t">14</subfield>
    <subfield code="w">2024-02-27</subfield>
    <subfield code="y">LPD</subfield>
  </datafield>
  <datafield tag="952" ind1=" " ind2=" ">
    <subfield code="0">0</subfield>
    <subfield code="1">0</subfield>
    <subfield code="2">udc</subfield>
    <subfield code="4">0</subfield>
    <subfield code="7">0</subfield>
    <subfield code="8">CG</subfield>
    <subfield code="a">ESOCIALES</subfield>
    <subfield code="b">ESOCIALES</subfield>
    <subfield code="d">2024-02-27</subfield>
    <subfield code="l">0</subfield>
    <subfield code="o">94(4+8) EG29</subfield>
    <subfield code="p">001002</subfield>
    <subfield code="r">2024-02-27 00:00:00</subfield>
    <subfield code="t">15</subfield>
    <subfield code="w">2024-02-27</subfield>
    <subfield code="y">LPD</subfield>
  </datafield>
  <datafield tag="952" ind1=" " ind2=" ">
    <subfield code="0">0</subfield>
    <subfield code="1">0</subfield>
    <subfield code="2">udc</subfield>
    <subfield code="4">0</subfield>
    <subfield code="7">0</subfield>
    <subfield code="8">CG</subfield>
    <subfield code="a">ESOCIALES</subfield>
    <subfield code="b">ESOCIALES</subfield>
    <subfield code="d">2024-02-27</subfield>
    <subfield code="l">0</subfield>
    <subfield code="o">94(4+8) EG29</subfield>
    <subfield code="p">001003</subfield>
    <subfield code="r">2024-02-27 00:00:00</subfield>
    <subfield code="t">16</subfield>
    <subfield code="w">2024-02-27</subfield>
    <subfield code="y">LPD</subfield>
  </datafield>
  <datafield tag="952" ind1=" " ind2=" ">
    <subfield code="0">0</subfield>
    <subfield code="1">0</subfield>
    <subfield code="2">udc</subfield>
    <subfield code="4">0</subfield>
    <subfield code="7">0</subfield>
    <subfield code="8">CG</subfield>
    <subfield code="a">ESOCIALES</subfield>
    <subfield code="b">ESOCIALES</subfield>
    <subfield code="d">2024-02-27</subfield>
    <subfield code="l">0</subfield>
    <subfield code="o">94(4+8) EG29</subfield>
    <subfield code="p">001004</subfield>
    <subfield code="r">2024-02-27 00:00:00</subfield>
    <subfield code="t">17</subfield>
    <subfield code="w">2024-02-27</subfield>
    <subfield code="y">LPD</subfield>
  </datafield>
  <datafield tag="952" ind1=" " ind2=" ">
    <subfield code="0">0</subfield>
    <subfield code="1">0</subfield>
    <subfield code="2">udc</subfield>
    <subfield code="4">0</subfield>
    <subfield code="7">0</subfield>
    <subfield code="8">CG</subfield>
    <subfield code="a">ESOCIALES</subfield>
    <subfield code="b">ESOCIALES</subfield>
    <subfield code="d">2024-02-27</subfield>
    <subfield code="l">0</subfield>
    <subfield code="o">94(4+8) EG29</subfield>
    <subfield code="p">001005</subfield>
    <subfield code="r">2024-02-27 00:00:00</subfield>
    <subfield code="t">18</subfield>
    <subfield code="w">2024-02-27</subfield>
    <subfield code="y">LPD</subfield>
  </datafield>
  <datafield tag="952" ind1=" " ind2=" ">
    <subfield code="0">0</subfield>
    <subfield code="1">0</subfield>
    <subfield code="2">udc</subfield>
    <subfield code="4">0</subfield>
    <subfield code="7">0</subfield>
    <subfield code="8">CG</subfield>
    <subfield code="a">ESOCIALES</subfield>
    <subfield code="b">ESOCIALES</subfield>
    <subfield code="d">2024-02-27</subfield>
    <subfield code="l">0</subfield>
    <subfield code="o">94(4+8) EG29</subfield>
    <subfield code="p">001006</subfield>
    <subfield code="r">2024-02-27 00:00:00</subfield>
    <subfield code="t">19</subfield>
    <subfield code="w">2024-02-27</subfield>
    <subfield code="y">LPD</subfield>
  </datafield>
  <datafield tag="952" ind1=" " ind2=" ">
    <subfield code="0">0</subfield>
    <subfield code="1">0</subfield>
    <subfield code="2">udc</subfield>
    <subfield code="4">0</subfield>
    <subfield code="7">0</subfield>
    <subfield code="8">CG</subfield>
    <subfield code="a">ESOCIALES</subfield>
    <subfield code="b">ESOCIALES</subfield>
    <subfield code="d">2024-02-27</subfield>
    <subfield code="l">1</subfield>
    <subfield code="o">94(4+8) EG29</subfield>
    <subfield code="p">001007</subfield>
    <subfield code="q">2024-03-13</subfield>
    <subfield code="r">2024-02-28 00:00:00</subfield>
    <subfield code="s">2024-02-28</subfield>
    <subfield code="t">20</subfield>
    <subfield code="w">2024-02-27</subfield>
    <subfield code="y">LPD</subfield>
  </datafield>
</record>
